| 000 | 00378nam a2200145 4500 | ||
|---|---|---|---|
| 999 |
_c6063 _d6063 |
||
| 020 | _a9789988159610 | ||
| 050 |
_aKRX3570 _b.T29 |
||
| 100 | _aTetteh, S. Kwami | ||
| 245 |
_aCivil procedure: a practical approach. _cby S. Kwami Tetteh |
||
| 260 |
_aAccra _bS. Kwami Tetteh _c2011 |
||
| 300 | _a1152p. | ||
| 500 | _aincludes index | ||
| 650 |
_aCivil procedure _xGhana |
||
| 942 | _cBK | ||